| 000 | 00521nam a2200181Ia 4500 | ||
|---|---|---|---|
| 999 |
_c11068 _d11068 |
||
| 003 | OSt | ||
| 005 | 20200319110032.0 | ||
| 008 | 190216s9999||||xx |||||||||||||| ||und|| | ||
| 020 | _a9788176710619 | ||
| 040 | _coclc | ||
| 082 |
_a808.027 _bMLA/M |
||
| 100 |
_aMLA _92071 |
||
| 245 | 0 |
_aM L A Handbook For Writers Of Research Papers / _cMLA |
|
| 250 | _a7th ed. | ||
| 260 |
_bAffiliated East West Press, _c2009. _aNew Delhi: |
||
| 300 | _a292p | ||
| 942 |
_cBK _2ddc _h808.027 _iMLA/M _k808.027 _mMLA/M |
||